000 05000nam0a2200409 4500
001 RU\NLR\BIBL_A\012787342
005 20220831171653.0
010 _a978-5-907459-26-7
_9100
021 _aRU
_bКН-П-22-007220
_9КН-П-22-0585
035 _a(NLR Aleph) 012787342
035 _a(RuMoRGB)010973428
090 _a13142097
_c13142097
100 _a20220516d2021 k y0rusy50 ca
101 0 _arus
102 _aRU
105 _aa|||z|||100zy
181 0 _ai
_baxxe
182 0 _an
200 1 _aРазвитие воспитательного потенциала современной семьи в открытом образовательном пространстве
_eматериалы всероссийской научно-практической конференции с международным участием (3-4 декабря 2020 г., Пермь, Россия)
_fМинистерство просвещения Российской Федерации, Федеральное государственное бюджетное образовательное учреждение высшего образования "Пермский государственный гуманитарно-педагогический университет", Факультет правового и социально-педагогического образования [и др.]
_gредакционная коллегия: Коробкова В. В. - кандидат педагогических наук, доцент [и др.]
203 _aТекст
_bвизуальный
_cнепосредственный
210 _aПермь
_cПГГПУ
_d2021
215 _a198 с.
_cил.
_d21
320 _aБиблиогр. в конце докл.
330 _aИздание представляет собой сборник материалов актуальных исследований проблемы развития воспитательного потенциала семьи в открытом образовательном пространстве. В ходе конференции акцентируется внимание на актуальных проблемах поддержки семейного воспитания в рамках междисциплинарного диалога социально-гуманитарных исследований в области педагогики, психологии, социологии, юриспруденции и других наук. Особое внимание уделено современным тенденциям повышения качества воспитательной работы и взаимодействия с родителями в учреждениях различного типа (образовательные организации основного общего и среднего образования, дошкольные образовательные организации, учреждения профессионального образования, учреждения высшего образования, учреждения дополнительного образования детей, центры помощи семье и детям, оставшимся без попечения родителей, социально-реабилитационные центры, воспитательные колонии, центры временного содержания несовершеннолетних, частные образовательные центры, общественные организации и т. п.)
606 1 _aСемьи
_xПедагогическая поддержка
_jСъезды, совещания и т.п
_2nlr_sh2
_3RU\NLR\AUTH\661523347
606 1 _aДети
_xНравственное воспитание
_jСъезды, совещания и т.п
_2nlr_sh2
_3RU\NLR\auth\661422712
675 _a37.013.42(082)
_v4
686 1 _aЧ491.95я431
686 1 _aЧ313.52я431
702 1 _aКоробкова
_bВ. В.
_gВенера Викторовна
711 1 2 _a"Развитие воспитательного потенциала современной семьи в открытом образовательном пространстве", всероссийская научно-практическая конференция с международным участием
_f2020
_eПермь
_3RU\NLR\AUTH\880565808
712 0 2 _aПермский государственный гуманитарно-педагогический университет
_bФакультет правового и социально-педагогического образования
_3RU\NLR\AUTH\880462473
_4570
942 _cBOOK
980 _aNB